Príjmy a výdaje malého podniku

Salvato in:
Dettagli Bibliografici
Natura: Libro
Lingua:slovacco
Pubblicazione: Bratislava Actoris System 1991
Edizione:1. vyd.
Soggetti:
Tags: Aggiungi Tag
Nessun Tag, puoi essere il primo ad aggiungerne!!

MARC

LEADER 00000nam a2200000 4500
001 c001150
005 20221214094634.6
041 0 |a slo 
044 |a SK 
245 1 0 |a Príjmy a výdaje malého podniku 
250 |a 1. vyd. 
264 1 |a Bratislava  |b Actoris System  |c 1991 
300 |a 16 s. 
610 2 0 |a príjmy 
610 2 0 |a výdavky 
610 2 0 |a podnik malý 
610 2 0 |a odbyt 
610 2 0 |a náklady 
610 2 0 |a odpisy 
610 2 0 |a zisk podnikový 
610 2 0 |a financie podnikové 
610 2 0 |a podnikanie súkromné 
610 2 0 |a ČSFR